000
00339nam a2200145Ia 4500
008
150301s2011 xx 000 0 und d
082
_a
610.72
_b
B11D
100
_a
DAS, RANJAN
245
_a
BIOMEDICAL RESEARCH METHODOLOGY
250
_a
1ST
260
_b
JAYPEE
_a
DELHI
_c
2011
300
_a
238
650
_a
RESEARCH
942
_2
ddc
_c
BK
_0
7
999
_c
6594
_d
6594